000 01775nam a2200409 c 4500
001 20160
003 ES-MaCES
005 20141221122639.0
008 070604s2006 sp t i000 | spa d
017 _aM 47287-2006
_bDL
020 _a8481986747
035 _aCES20070006781m
040 _aES-MaCES
_bspa
_cES-MaCES
100 1 _aFernández Pavés, María José
_911940
245 1 3 _aLa financiación de los gobiernos locales
_b: balance y perspectivas
_cMaría José Fernández Pavés
260 _a[Madrid]
_bCyan
_c[2006]
300 _a62 p.
_c24 cm
490 1 _aDocumentos de trabajo. Decentralización y gobernabilidad
500 _aEn la port.: FIIAPP, Fundación Internacional y para Iberoamérica de Administración y Políticas Públicas ; Instituto Universitario de Desarrollo y Cooperación, UCM, Universidad Complutense Madrid
504 _aBibliografía: p. 55-62
541 _cGratuito
650 4 _afinanciación
_928125
650 4 _agobierno local
_927219
650 4 _aciudad
_928617
650 4 _atransferencia de competencias
_930889
650 4 _aadministración fiscal
_927209
650 4 _atributación
_928093
650 4 _adistribución del ingreso
_927109
650 4 _adistribución del gasto
_930938
653 1 0 _aAdministración-Instituciones públicas
710 2 _aFundación Internacional y para Iberoamérica de Administración y Políticas Públicas
_93844
710 2 _aInstituto Universitario de Desarrollo y Cooperación (Madrid)
_94331
830 0 _aDocumentos de trabajo (Fundación Internacional y para Iberoamérica de Administración y Políticas Públicas)
_pDescentralización y gobernabilidad
_934299
902 _aLIB Libro
942 _2CES
_cBK
_h6.3.
999 _c20160
_d20160